00704nam a2200241 a 4500001001300000003000900013005001700022008004100039020001100080082001900091100002000110245004600130260004000176300000900216500003500225505001000260650002300270700002000293902000800313942000700321952012100328999001300449nice12345678IN_TiNIC20260116011346.0050524s1964 newa grp 000 0 eng  ac254400a297.1977bBIN1 aBinder, Leonard aIdeological Revolution in the Middle East aNew YorkbJohn Wiley and Sonsc1964 a287p aincludes index and biblioraphy2 aIndex aIslam and Politics1 aBinder, Leonard bSRS cBK 001040708StackRoom-aHMIbHMId2007-07-03g2544.00l0o297.1977 BIN1p02876r2007-07-03v2544.00w2005-05-24yBK c832d832